| 000 | 00380nam a22001457a 4500 | ||
|---|---|---|---|
| 008 | 250709b |||||||| |||| 00| 0 eng d | ||
| 020 | _a0582601002 | ||
| 050 |
_aPR9898 _b.N86 |
||
| 100 | _aNwoga Donatus.I | ||
| 245 | _aWest Africa verse | ||
| 260 |
_aHarlow _bPearson Education Limited _c2006 |
||
| 300 | _aXvi, 242 | ||
| 650 | _aWest African Poetry (english) | ||
| 942 | _cBK | ||
| 999 |
_c4233 _d4233 |
||